الموافقات فى أصول الشريعة / (Record no. 15862)
[ view plain ]
| 000 -الفاتح | |
|---|---|
| حقل البيانات ثابتة الطول | 01383nam a22002537a 4500 |
| 008 - عناصر البيانات ثابتة الطول - معلومات عامة | |
| حقل البيانات ثابتة الطول | 110817s2006 ua|||||r|||| 00| 0 ara d |
| 020 ## - الرقم الدولى المعيارى للكتب | |
| الرقم الدولى المعيارى للكتاب | 9774192753 |
| 082 ## - رقم تصنيف ديوى العشرى | |
| رقم الطبعة | 22 |
| رقم التصنيف | 250 |
| رقم المادة | ش ا ط |
| 100 1# - المدخل الرئيسى - إسم شخصى | |
| 9 (RLIN) | 26343 |
| الإسم الشخصى | الشاطبي ، |
| الشكل الأكمل للاسم | ابراهيم بن موسى بن محمد |
| 245 ## - بيان العنوان | |
| العنوان | الموافقات فى أصول الشريعة / |
| بيان المسئوليه,etc | أبى إسحاق الشاطبى ؛ خرج أحاديثة أحمد سيد أحمد على ؛ تعليق عبد الله دراز . |
| 260 ## - PUBLICATION, DISTRIBUTION, ETC. (IMPRINT) | |
| مكان الناشر او الموزع | القاهرة : |
| اسم الناشر او الموزع | الهيئة المصرية العامة للكتاب ، |
| تاريخ النشر أو التوزيع | 2006. |
| 300 ## - الوصف المادى | |
| التعداد | 288 ص ؛ |
| أبعاد الوعاء | 24 سم. |
| 504 ## - تبصرة ببليوجرافية | |
| تبصرة ببليوجرافية,الخ | يحتوي علي ارجاعات ببليوجرافية |
| 650 ## - المدخل الاضافى بالموضوع-مصطلح موضوعى | |
| 9 (RLIN) | 14911 |
| مصطلح موضوعي أو اسم جغرافي كعنصر مدخل | السنة |
| 650 ## - المدخل الاضافى بالموضوع-مصطلح موضوعى | |
| 9 (RLIN) | 15066 |
| مصطلح موضوعي أو اسم جغرافي كعنصر مدخل | الإجماع |
| 650 ## - المدخل الاضافى بالموضوع-مصطلح موضوعى | |
| 9 (RLIN) | 15070 |
| مصطلح موضوعي أو اسم جغرافي كعنصر مدخل | القياس |
| 650 ## - المدخل الاضافى بالموضوع-مصطلح موضوعى | |
| 9 (RLIN) | 15034 |
| مصطلح موضوعي أو اسم جغرافي كعنصر مدخل | الشريعة الإسلامية |
| 653 ## - مصطلح تكشيفى غير مقيد | |
| Resource For college | |
| 700 1# - المدخل الاضافى - اسم شخصى | |
| 9 (RLIN) | 26780 |
| الإسم الشخصى | على، أحمد السيد سيد أحمد |
| الدور | خرج أحاديثة |
| 700 1# - المدخل الاضافى - اسم شخصى | |
| 9 (RLIN) | 26781 |
| الإسم الشخصى | دراز، عبد الله |
| الدور | شرح تعليقات |
| 942 ## - عناصر المدخل الإضافي( كوها) | |
| مصدر التصنيف او مخطط الترفيف | Dewey Decimal Classification |
| Koha [default] item type | Book - Borrowing |
| حالة التراجع | حالة الفقد | مصدر التصنيف او خطة الترفيف | تحديد مواد ( مجلدات مجمعه أو جزء أخر) | حالة تلف | ليس للاعارة | مجموعات كوها | المكان الدائم | المكان الحالي | موقع الترفيف | تاريخ الاكتساب | Source of acquisition | رقم الاستدعاء | الباركود | Date last seen | نوع الوعاء | تبصرة عامة |
|---|---|---|---|---|---|---|---|---|---|---|---|---|---|---|---|---|
| Lost | Dewey Decimal Classification | Lost_In_Inventory_12-2-2024 | Alef-Baa | Central Library | Central Library | Lower Floor | 17/08/2011 | 250 ش ا ط | 000024113 | 24/08/2022 | Book - Borrowing | مج. (3-4) | ||||
| Dewey Decimal Classification | Alef-Baa | Central Library | Central Library | Lower Floor | 06/12/2011 | Purchase | 250 ش ا ط | 000025785 | 15/07/2025 | Book - Borrowing | مج. (1-2) |